000 00257nam a22001217a 4500
008 230703b xxu||||| |||| 00| 0 eng d
082 _a349.6
_bndu
100 _cEAPH
245 _aLaw in Zambia
260 _aEAPHL
_c1984
300 _a308p
942 _2ddc
_cBK
999 _c3199
_d3199